[Event "Hastings Masters"]
[Site "Hastings, England"]
[Date "2014.12.30"
[Round "2.12"]
[White "Gormally, Daniel W"]
[WhiteElo "2499"]
[Black "Anderson, John"]
[BlackElo "2180"]
[Result "0-1"]

1. d4 {[%clk 1:40:52]} d5 {[%clk 1:40:46]} 2. c4 {[%clk 1:41:14]} c6
{[%clk 1:40:55]} 3. Nf3 {[%clk 1:41:11]} Nf6 {[%clk 1:41:18]} 4. Nc3
{[%clk 1:41:36]} dxc4 {[%clk 1:41:36]} 5. e4 {[%clk 1:40:12]} b5 {[%clk 1:41:27]}
6. e5 {[%clk 1:40:32]} Nd5 {[%clk 1:41:30]} 7. a4 {[%clk 1:40:11]} e6
{[%clk 1:40:18]} 8. Ng5 {[%clk 1:39:41]} h6 {[%clk 1:39:08]} 9. Nge4
{[%clk 1:39:27]} b4 {[%clk 1:39:00]} 10. Nb1 {[%clk 1:39:48]} Ba6
{[%clk 1:39:20]} 11. Nbd2 {[%clk 1:40:00]} Nf4 {[%clk 1:39:00]} 12. Qg4
{[%clk 1:39:52]} Nd3+ {[%clk 1:39:12]} 13. Bxd3 {[%clk 1:40:14]} cxd3
{[%clk 1:39:36]} 14. O-O {[%clk 1:40:38]} Qd5 {[%clk 1:39:01]} 15. Re1
{[%clk 1:37:41]} Nd7 {[%clk 1:37:56]} 16. Nf3 {[%clk 1:36:09]} c5
{[%clk 1:34:33]} 17. dxc5 {[%clk 1:27:51]} Nxc5 {[%clk 1:34:05]} 18. Nd6+
{[%clk 1:09:11]} Bxd6 {[%clk 1:29:31]} 19. exd6 {[%clk 1:07:38]} Nb3
{[%clk 0:52:48]} 20. Bf4 {[%clk 0:42:01]} Nxa1 {[%clk 0:50:42]} 21. Qxg7
{[%clk 0:28:46]} O-O-O {[%clk 0:47:21]} 22. Rxa1 {[%clk 0:28:31]} d2
{[%clk 0:38:52]} 23. Bxd2 {[%clk 0:22:54]} Qxd6 {[%clk 0:35:38]} 24. Qxf7
{[%clk 0:18:32]} Rd7 {[%clk 0:34:13]} 25. Rc1+ {[%clk 0:16:44]} Kb7
{[%clk 0:32:37]} 26. Bxb4 {[%clk 0:13:01]} Rxf7 {[%clk 0:31:36]} 27. Bxd6
{[%clk 0:13:27]} Rd8 {[%clk 0:28:31]} 28. Ne5 {[%clk 0:11:38]} Rg7
{[%clk 0:22:16]} 29. Bb4 {[%clk 0:09:20]} Rd5 {[%clk 0:17:30]} 30. Bc3
{[%clk 0:09:01]} Rc7 {[%clk 0:17:39]} 31. Re1 {[%clk 0:06:51]} Bc4
{[%clk 0:17:48]} 32. f4 {[%clk 0:05:43]} a5 {[%clk 0:15:14]} 33. Kf2
{[%clk 0:05:04]} Bb3 {[%clk 0:14:56]} 34. g4 {[%clk 0:04:55]} Bxa4
{[%clk 0:12:53]} 35. g5 {[%clk 0:05:19]} hxg5 {[%clk 0:12:58]} 36. fxg5
{[%clk 0:05:46]} Be8 {[%clk 0:12:36]} 37. g6 {[%clk 0:01:48]} a4 {[%clk 0:10:41]}
38. h4 {[%clk 0:01:08]} a3 {[%clk 0:10:21]} 39. bxa3 {[%clk 0:00:44]} Rxc3
{[%clk 0:05:47]} 40. g7 {[%clk 0:00:38]} Rd2+ {[%clk 0:06:04]} 0-1

[Event "Hastings Masters"]
[Site "Hastings, England"]
[Date "2014.12.30"
[Round "2.13"]
[White "Maisuradze, Nino"]
[WhiteElo "2323"]
[Black "Arkell, Keith C"]
[BlackElo "2489"]
[Result "0-1"]

1. d4 {[%clk 1:40:59]} e6 {[%clk 1:40:49]} 2. c4 {[%clk 1:41:19]} Bb4+
{[%clk 1:41:14]} 3. Nc3 {[%clk 1:40:25]} c5 {[%clk 1:41:39]} 4. d5
{[%clk 1:36:38]} Bxc3+ {[%clk 1:41:42]} 5. bxc3 {[%clk 1:37:07]} f5
{[%clk 1:41:47]} 6. e4 {[%clk 1:34:03]} fxe4 {[%clk 1:40:54]} 7. dxe6
{[%clk 1:27:14]} Nf6 {[%clk 1:40:44]} 8. exd7+ {[%clk 1:26:50]} Nbxd7
{[%clk 1:40:08]} 9. Qd6 {[%clk 1:22:30]} Qe7 {[%clk 1:36:31]} 10. Bf4
{[%clk 1:22:15]} Qxd6 {[%clk 1:36:41]} 11. Bxd6 {[%clk 1:22:44]} Kf7
{[%clk 1:36:10]} 12. Ne2 {[%clk 1:20:00]} Re8 {[%clk 1:33:35]} 13. Nf4
{[%clk 1:15:16]} b6 {[%clk 1:26:02]} 14. Nd5 {[%clk 1:14:41]} Nxd5
{[%clk 1:19:34]} 15. cxd5 {[%clk 1:15:10]} Nf6 {[%clk 1:14:29]} 16. c4
{[%clk 1:07:15]} e3 {[%clk 1:13:37]} 17. f3 {[%clk 1:06:53]} Nxd5
{[%clk 1:12:19]} 18. cxd5 {[%clk 0:39:21]} e2 {[%clk 1:12:26]} 19. Bxe2
{[%clk 0:39:08]} Ba6 {[%clk 1:12:52]} 20. O-O-O {[%clk 0:39:12]} Rxe2
{[%clk 1:12:51]} 21. Bc7 {[%clk 0:35:19]} Ke7 {[%clk 1:01:04]} 22. Rhe1
{[%clk 0:24:39]} Kd7 {[%clk 1:01:06]} 23. d6 {[%clk 0:23:26]} Rae8
{[%clk 1:00:07]} 24. Rxe2 {[%clk 0:23:49]} Rxe2 {[%clk 1:00:20]} 25. Rd2
{[%clk 0:23:55]} Re1+ {[%clk 1:00:19]} 26. Rd1 {[%clk 0:23:15]} Re8
{[%clk 1:00:24]} 27. f4 {[%clk 0:20:35]} Bc4 {[%clk 1:00:16]} 28. Rd2
{[%clk 0:20:05]} Re1+ {[%clk 0:54:24]} 29. Kb2 {[%clk 0:20:14]} Be6
{[%clk 0:54:23]} 30. Bb8 {[%clk 0:11:17]} Re4 {[%clk 0:53:02]} 31. a3
{[%clk 0:09:49]} Re3 {[%clk 0:51:41]} 32. Bxa7 {[%clk 0:09:47]} c4
{[%clk 0:50:36]} 33. Rc2 {[%clk 0:02:57]} Rb3+ {[%clk 0:49:28]} 34. Kc1
{[%clk 0:02:15]} c3 {[%clk 0:49:44]} 35. Bxb6 {[%clk 0:01:08]} Rxb6
{[%clk 0:49:57]} 36. Rxc3 {[%clk 0:01:35]} Kxd6 {[%clk 0:49:55]} 37. h3
{[%clk 0:00:39]} Rb3 {[%clk 0:49:40]} 38. Kd2 {[%clk 0:00:36]} Rb2+
{[%clk 0:49:41]} 39. Rc2 {[%clk 0:00:50]} Rxc2+ {[%clk 0:50:01]} 40. Kxc2
{[%clk 0:01:19]} Bd5 {[%clk 0:50:17]} 41. g3 {[%clk 0:50:06]} Bg2
{[%clk 1:40:42]} 42. h4 {[%clk 0:50:25]} Ke6 {[%clk 1:40:53]} 43. h5
{[%clk 0:47:24]} Kf5 {[%clk 1:40:20]} 44. h6 {[%clk 0:47:30]} g5 {[%clk 1:39:26]}
45. fxg5 {[%clk 0:47:05]} Kxg5 {[%clk 1:39:51]} 46. Kd3 {[%clk 0:47:28]} Kxh6
{[%clk 1:40:09]} 0-1

[Event "Hastings Masters"]
[Site "Hastings, England"]
[Date "2014.12.30"
[Round "2.14"]
[White "Mannion, Stephen R"]
[WhiteElo "2345"]
[Black "Vanheirzeele, Daniel"]
[BlackElo "2081"]
[Result "1-0"]

1. e4 {[%clk 1:40:59]} c5 {[%clk 1:40:56]} 2. Nf3 {[%clk 1:41:22]} d6
{[%clk 1:41:21]} 3. d4 {[%clk 1:41:48]} cxd4 {[%clk 1:41:46]} 4. Nxd4
{[%clk 1:42:14]} Nf6 {[%clk 1:42:11]} 5. Nc3 {[%clk 1:42:39]} g6 {[%clk 1:42:37]}
6. Be3 {[%clk 1:43:00]} Bg7 {[%clk 1:42:42]} 7. f3 {[%clk 1:43:17]} Nc6
{[%clk 1:41:47]} 8. Qd2 {[%clk 1:43:36]} O-O {[%clk 1:42:10]} 9. O-O-O
{[%clk 1:43:59]} d5 {[%clk 1:42:24]} 10. Qe1 {[%clk 1:44:15]} e6 {[%clk 1:42:02]}
11. h4 {[%clk 1:43:42]} Qc7 {[%clk 1:41:44]} 12. Ndb5 {[%clk 1:41:16]} Qa5
{[%clk 1:05:18]} 13. exd5 {[%clk 1:15:32]} exd5 {[%clk 0:54:07]} 14. g4
{[%clk 1:11:01]} Re8 {[%clk 0:26:46]} 15. Qd2 {[%clk 1:04:46]} Bxg4
{[%clk 0:26:36]} 16. fxg4 {[%clk 1:02:55]} Nxg4 {[%clk 0:25:05]} 17. Bf4
{[%clk 0:48:58]} d4 {[%clk 0:22:22]} 18. Nb1 {[%clk 0:47:16]} Nb4
{[%clk 0:15:54]} 19. N1a3 {[%clk 0:46:02]} Nxa2+ {[%clk 0:16:07]} 20. Kb1
{[%clk 0:46:25]} Nc3+ {[%clk 0:16:25]} 21. bxc3 {[%clk 0:22:56]} dxc3
{[%clk 0:16:43]} 22. Qd5 {[%clk 0:23:10]} Red8 {[%clk 0:06:04]} 23. Bd6
{[%clk 0:18:46]} Ne3 {[%clk 0:06:29]} 24. Qb3 {[%clk 0:15:07]} a6
{[%clk 0:04:55]} 25. Bc4 {[%clk 0:08:33]} Nxc4 {[%clk 0:02:52]} 26. Nxc4
{[%clk 0:07:52]} Qxb5 {[%clk 0:03:15]} 27. Nb6 {[%clk 0:06:30]} Qc6
{[%clk 0:02:47]} 28. Nxa8 {[%clk 0:06:08]} Rxd6 {[%clk 0:02:02]} 29. Rxd6
{[%clk 0:06:07]} 1-0

[Event "Hastings Masters"]
[Site "Hastings, England"]
[Date "2014.12.30"
[Round "2.15"]
[White "Mann, Johannes"]
[WhiteElo "2080"]
[Black "Sowray, Peter J"]
[BlackElo "2365"]
[Result "0-1"]

1. d4 {[%clk 1:40:53]} d6 {[%clk 1:40:52]} 2. Nf3 {[%clk 1:41:06]} g6
{[%clk 1:40:15]} 3. c4 {[%clk 1:40:29]} f5 {[%clk 1:40:34]} 4. g3
{[%clk 1:40:00]} Nf6 {[%clk 1:40:52]} 5. Bg2 {[%clk 1:40:17]} Bg7
{[%clk 1:41:13]} 6. O-O {[%clk 1:40:13]} O-O {[%clk 1:41:37]} 7. b3
{[%clk 1:39:12]} c6 {[%clk 1:37:26]} 8. Bb2 {[%clk 1:39:17]} Na6 {[%clk 1:37:30]}
9. Nbd2 {[%clk 1:38:58]} Rb8 {[%clk 1:34:47]} 10. Qc2 {[%clk 1:35:21]} b5
{[%clk 1:31:15]} 11. a3 {[%clk 1:30:52]} Bd7 {[%clk 1:24:06]} 12. Rfe1
{[%clk 1:23:03]} Nc7 {[%clk 1:15:47]} 13. Rac1 {[%clk 1:16:55]} bxc4
{[%clk 1:02:20]} 14. bxc4 {[%clk 1:06:48]} Ne6 {[%clk 1:01:07]} 15. Bc3
{[%clk 1:03:12]} Qb6 {[%clk 0:50:12]} 16. e3 {[%clk 0:55:06]} Rfc8
{[%clk 0:42:48]} 17. Rb1 {[%clk 0:52:37]} Qc7 {[%clk 0:39:36]} 18. Nb3
{[%clk 0:46:53]} Qd8 {[%clk 0:38:26]} 19. Nfd2 {[%clk 0:45:02]} c5
{[%clk 0:34:07]} 20. d5 {[%clk 0:41:34]} Ng5 {[%clk 0:31:55]} 21. f3
{[%clk 0:35:53]} Qf8 {[%clk 0:27:59]} 22. h4 {[%clk 0:31:22]} Nf7
{[%clk 0:27:41]} 23. e4 {[%clk 0:30:05]} fxe4 {[%clk 0:26:43]} 24. f4
{[%clk 0:28:13]} Nh6 {[%clk 0:24:09]} 25. Nxe4 {[%clk 0:27:43]} Nxe4
{[%clk 0:23:02]} 26. Bxe4 {[%clk 0:26:57]} Nf5 {[%clk 0:22:26]} 27. Qd3
{[%clk 0:25:54]} Bxc3 {[%clk 0:20:50]} 28. Qxc3 {[%clk 0:26:17]} Qf6
{[%clk 0:21:06]} 29. Qd3 {[%clk 0:23:26]} Rb6 {[%clk 0:14:45]} 30. Nd2
{[%clk 0:21:07]} Rcb8 {[%clk 0:14:05]} 31. Kg2 {[%clk 0:20:26]} Rb2
{[%clk 0:10:55]} 32. Rxb2 {[%clk 0:19:22]} Rxb2 {[%clk 0:11:07]} 33. Rb1
{[%clk 0:18:20]} Rxb1 {[%clk 0:09:31]} 34. Qxb1 {[%clk 0:16:59]} Qc3
{[%clk 0:08:37]} 35. Qd3 {[%clk 0:16:31]} Qb2 {[%clk 0:07:44]} 36. Bxf5
{[%clk 0:13:00]} Bxf5 {[%clk 0:08:08]} 37. Qe3 {[%clk 0:13:01]} Bg4
{[%clk 0:06:38]} 38. Kh2 {[%clk 0:09:31]} Kf7 {[%clk 0:06:19]} 39. Kg2
{[%clk 0:09:52]} Ke8 {[%clk 0:05:59]} 40. Kg1 {[%clk 0:05:23]} Qc1+
{[%clk 0:05:15]} 41. Kf2 {[%clk 0:01:50]} Kd8 {[%clk 0:48:39]} 42. Qd3
{[%clk 0:46:03]} Qd1 {[%clk 0:45:07]} 43. Qe3 {[%clk 0:44:07]} Qc2
{[%clk 0:41:36]} 44. Kg1 {[%clk 0:42:03]} Bf5 {[%clk 0:38:37]} 45. Kf2
{[%clk 0:35:39]} Bd3 {[%clk 0:35:50]} 46. Kf3 {[%clk 0:34:45]} Bxc4
{[%clk 0:33:46]} 47. Nxc4 {[%clk 0:35:08]} Qxc4 {[%clk 0:34:09]} 48. Qe6
{[%clk 0:35:25]} Qd3+ {[%clk 0:33:09]} 49. Kf2 {[%clk 0:31:09]} h5
{[%clk 0:30:55]} 50. Qg8+ {[%clk 0:30:34]} Kc7 {[%clk 0:31:18]} 51. Qa8
{[%clk 0:30:35]} Kb6 {[%clk 0:23:27]} 52. Qc6+ {[%clk 0:25:36]} Ka5
{[%clk 0:23:46]} 53. Qc7+ {[%clk 0:25:35]} Kb5 {[%clk 0:20:36]} 54. Qxa7
{[%clk 0:25:50]} Qd2+ {[%clk 0:18:24]} 55. Kg1 {[%clk 0:22:34]} Qxd5
{[%clk 0:17:41]} 56. Qxe7 {[%clk 0:21:01]} c4 {[%clk 0:15:42]} 57. Qe8+
{[%clk 0:06:53]} Qc6 {[%clk 0:12:45]} 58. Qxg6 {[%clk 0:02:48]} c3
{[%clk 0:11:06]} 59. Qb1+ {[%clk 0:00:58]} Ka6 {[%clk 0:08:07]} 60. Qd3+
{[%clk 0:00:37]} Ka5 {[%clk 0:08:12]} 61. Kf2 {[%clk 0:13:02]} c2
{[%clk 0:18:01]} 62. Qd2+ {[%clk 0:13:09]} Kb5 {[%clk 0:17:48]} 63. Qc1
{[%clk 0:13:08]} Qc3 {[%clk 0:14:58]} 64. f5 {[%clk 0:10:49]} d5 {[%clk 0:14:25]}
65. Kg2 {[%clk 0:05:53]} Qc4 {[%clk 0:09:43]} 66. Kf2 {[%clk 0:00:32]} d4
{[%clk 0:07:36]} 67. Ke1 {[%clk 0:00:36]} Qc3+ {[%clk 0:06:35]} 68. Kf2
{[%clk 0:00:38]} Qe3+ {[%clk 0:06:34]} 69. Qxe3 {[%clk 0:00:59]} dxe3+
{[%clk 0:06:58]} 70. Kxe3 {[%clk 0:01:15]} c1=Q+ {[%clk 0:07:22]} 71. Ke4
{[%clk 0:00:43]} Qc3 {[%clk 0:07:10]} 72. Kf4 {[%clk 0:01:04]} Qf6
{[%clk 0:07:29]} 0-1

[Event "Hastings Masters"]
[Site "Hastings, England"]
[Date "2014.12.30"
[Round "2.16"]
[White "Kirk, Ezra"]
[WhiteElo "2308"]
[Black "Waddington, Mike P"]
[BlackElo "2067"]
[Result "1-0"]

1. c4 Nf6 2. Nc3 e5 3. g3 g6 4. Bg2 Bg7 5. e3 O-O 6. Nge2 d6 7. O-O Nc6 8. d3 Nh5
9. Rb1 f5 10. Nd5 Ne7 11. b4 c6 12. Nxe7+ Qxe7 13. b5 c5 14. Nc3 Nf6 15. Nd5 Nxd5
16. cxd5 b6 17. Qc2 Bb7 18. f4 exf4 19. gxf4 Rae8 20. Bd2 Qf7 21. Qc4 Re7 22.
Rbe1 Rfe8 23. Kh1 Kh8 24. a4 Qf6 25. Re2 Qh4 26. e4 fxe4 27. dxe4 Bc8 28. Be1 Qh5
29. Re3 Bg4 30. Bc3 Qh6 31. Bd2 Qh4 32. Be1 Qh6 33. Bd2 Qh4 34. Qd3 Kg8 35. e5
dxe5 36. d6 Rf7 37. Bd5 Be6 38. d7 1-0

[Event "Hastings Masters"]
[Site "Hastings, England"]
[Date "2014.12.30"
[Round "2.17"]
[White "Wadsworth, Matthew J"]
[WhiteElo "2064"]
[Black "Bellin, Robert"]
[BlackElo "2338"]
[Result "0-1"]

1. c4 {[%clk 1:40:58]} c5 {[%clk 1:39:38]} 2. g3 {[%clk 1:41:17]} g6
{[%clk 1:39:06]} 3. Bg2 {[%clk 1:41:37]} Bg7 {[%clk 1:39:31]} 4. Nc3
{[%clk 1:42:00]} Nc6 {[%clk 1:39:42]} 5. a3 {[%clk 1:42:22]} d6 {[%clk 1:37:09]}
6. Rb1 {[%clk 1:42:17]} Nf6 {[%clk 1:32:29]} 7. b4 {[%clk 1:40:13]} O-O
{[%clk 1:32:39]} 8. Nf3 {[%clk 1:39:55]} Rb8 {[%clk 1:22:26]} 9. O-O
{[%clk 1:39:02]} b6 {[%clk 1:22:18]} 10. d3 {[%clk 1:31:56]} Bb7 {[%clk 1:18:03]}
11. Bd2 {[%clk 1:20:18]} Qd7 {[%clk 1:15:39]} 12. Ne1 {[%clk 1:14:28]} Nd4
{[%clk 1:11:57]} 13. e3 {[%clk 1:11:03]} Bxg2 {[%clk 1:10:57]} 14. Kxg2
{[%clk 1:10:52]} Qb7+ {[%clk 1:04:58]} 15. f3 {[%clk 1:08:18]} Ne6
{[%clk 1:00:59]} 16. Nc2 {[%clk 1:04:28]} Nc7 {[%clk 0:37:55]} 17. Qe2
{[%clk 1:01:20]} cxb4 {[%clk 0:35:26]} 18. axb4 {[%clk 0:53:08]} b5
{[%clk 0:32:33]} 19. c5 {[%clk 0:49:06]} dxc5 {[%clk 0:27:18]} 20. bxc5
{[%clk 0:49:34]} a5 {[%clk 0:27:43]} 21. d4 {[%clk 0:47:56]} Qc6 {[%clk 0:25:38]}
22. Rfc1 {[%clk 0:41:21]} Nd7 {[%clk 0:19:40]} 23. Nd1 {[%clk 0:27:42]} b4
{[%clk 0:19:24]} 24. Nb2 {[%clk 0:25:03]} e5 {[%clk 0:18:24]} 25. Qc4
{[%clk 0:21:17]} e4 {[%clk 0:15:18]} 26. f4 {[%clk 0:19:52]} Nd5 {[%clk 0:15:40]}
27. Ra1 {[%clk 0:18:58]} Ra8 {[%clk 0:15:19]} 28. Qb3 {[%clk 0:17:10]} Ra6
{[%clk 0:10:08]} 29. Ra2 {[%clk 0:14:32]} Rfa8 {[%clk 0:07:37]} 30. Rca1
{[%clk 0:12:19]} Qe6 {[%clk 0:05:48]} 31. Qc4 {[%clk 0:10:12]} b3
{[%clk 0:05:33]} 32. Rxa5 {[%clk 0:08:20]} Rxa5 {[%clk 0:06:01]} 33. Rxa5
{[%clk 0:08:33]} Rxa5 {[%clk 0:06:27]} 34. Bxa5 {[%clk 0:08:53]} bxc2
{[%clk 0:06:51]} 35. Bd2 {[%clk 0:08:43]} Qg4 {[%clk 0:05:47]} 36. Qf1
{[%clk 0:06:59]} Qf3+ {[%clk 0:03:49]} 37. Qxf3 {[%clk 0:07:23]} exf3+
{[%clk 0:04:18]} 38. Kxf3 {[%clk 0:07:41]} Nxc5 {[%clk 0:04:45]} 39. Ke2
{[%clk 0:06:29]} Nb4 {[%clk 0:02:33]} 0-1

[Event "Hastings Masters"]
[Site "Hastings, England"]
[Date "2014.12.30"
[Round "2.18"]
[White "Constantinou, Peter"]
[WhiteElo "2276"]
[Black "Ramstad, Havard"]
[BlackElo "2063"]
[Result "1-0"]

1. d4 d5 2. c4 c6 3. Nf3 e6 4. e3 f5 5. Bd3 Bd6 6. O-O Nf6 7. b3 Qe7 8. Ne5 O-O
9. Bb2 b6 10. f4 Bb7 11. Nc3 a6 12. Na4 Nbd7 13. Nxd7 Nxd7 14. Nxb6 Nxb6 15. c5
Bxc5 16. dxc5 Nd7 17. Rc1 a5 18. Qe2 e5 19. fxe5 Nxe5 20. Rxf5 Nxd3 21. Rxf8+
Rxf8 22. Qxd3 Bc8 23. Bd4 Qg5 24. Rf1 Rxf1+ 25. Qxf1 Qf5 26. Qe1 Ba6 27. h3 a4
28. Qg3 Qd7 29. Qb8+ Qc8 30. Qe5 Qd7 31. bxa4 Bd3 32. Qb8+ Kf7 33. a5 Ba6 34. Qd6
Qxd6 35. cxd6 g6 36. Kf2 Ke6 37. Bc5 Bd3 38. Ke1 Kd7 39. h4 Kc8 40. Kd2 Ba6 41.
Kc3 Kb7 42. Kd4 Kc8 43. g4 h5 44. g5 Kd7 45. Ke5 Bb5 46. Kf6 Bd3 47. a3 Ke8 48.
a6 Bxa6 49. Kxg6 1-0

[Event "Hastings Masters"]
[Site "Hastings, England"]
[Date "2014.12.30"
[Round "2.19"]
[White "Prosviriakov, Vladimir"]
[WhiteElo "2271"]
[Black "Taylor, Adam C"]
[BlackElo "2056"]
[Result "1-0"]

1. e4 {[%clk 1:40:34]} e5 {[%clk 1:40:55]} 2. Nf3 {[%clk 1:40:43]} Nc6
{[%clk 1:41:21]} 3. Bc4 {[%clk 1:37:08]} Be7 4. d4 {[%clk 1:37:08]} d6
{[%clk 1:39:01]} 5. dxe5 {[%clk 1:33:46]} Nxe5 {[%clk 1:33:28]} 6. Nxe5
{[%clk 1:32:42]} dxe5 {[%clk 1:33:54]} 7. Qh5 {[%clk 1:32:39]} Qd4
{[%clk 1:25:08]} 8. Qxf7+ {[%clk 1:31:29]} Kd8 {[%clk 1:25:34]} 9. Nc3
{[%clk 1:26:41]} Nf6 {[%clk 1:11:02]} 10. Be3 {[%clk 1:25:29]} Qd7
{[%clk 1:11:22]} 11. Qxg7 {[%clk 1:24:01]} Rf8 {[%clk 1:11:17]} 12. Rd1
{[%clk 1:20:19]} Bd6 {[%clk 1:11:38]} 13. Qh6 {[%clk 1:20:01]} Ke8
{[%clk 0:54:27]} 14. Bg5 {[%clk 1:10:52]} Qg4 {[%clk 0:49:57]} 15. Bxf6
{[%clk 1:10:30]} Qxg2 {[%clk 0:50:07]} 16. Qh5+ {[%clk 0:53:23]} Kd7
{[%clk 0:49:16]} 17. Bb5+ {[%clk 0:53:39]} Ke6 {[%clk 0:44:55]} 18. Qf5+
{[%clk 0:53:32]} Kf7 {[%clk 0:45:21]} 19. Qxh7+ {[%clk 0:53:43]} Kxf6
{[%clk 0:44:32]} 20. Rxd6+ {[%clk 0:54:02]} 1-0

[Event "Hastings Masters"]
[Site "Hastings, England"]
[Date "2014.12.30"
[Round "2.20"]
[White "Ledger, Dave J"]
[WhiteElo "2244"]
[Black "Low, Zhen Yu Cyrus"]
[BlackElo "2028"]
[Result "0-1"]

1. e4 {[%clk 1:40:54]} c5 {[%clk 1:40:50]} 2. Nf3 {[%clk 1:41:12]} d6
{[%clk 1:41:02]} 3. d4 cxd4 {[%clk 1:41:28]} 4. Nxd4 {[%clk 1:42:00]} Nf6
{[%clk 1:41:53]} 5. Nc3 {[%clk 1:41:36]} Nc6 {[%clk 1:42:13]} 6. Bg5
{[%clk 1:40:00]} e6 {[%clk 1:42:33]} 7. Qd2 {[%clk 1:36:39]} a6 {[%clk 1:42:37]}
8. f3 {[%clk 1:35:14]} Bd7 {[%clk 1:42:36]} 9. O-O-O {[%clk 1:34:12]} Be7
{[%clk 1:42:50]} 10. h4 {[%clk 1:31:54]} h6 {[%clk 1:43:05]} 11. Be3
{[%clk 1:31:57]} h5 {[%clk 1:43:18]} 12. Bg5 {[%clk 1:28:18]} Qc7
{[%clk 1:42:50]} 13. Qe1 {[%clk 1:20:44]} Ne5 {[%clk 1:42:17]} 14. f4
{[%clk 1:17:06]} Neg4 {[%clk 1:41:54]} 15. Rh3 {[%clk 1:16:14]} b5
{[%clk 1:36:00]} 16. Rd2 {[%clk 0:51:49]} Qc5 {[%clk 1:01:51]} 17. a3
{[%clk 0:38:46]} b4 {[%clk 0:52:12]} 18. axb4 {[%clk 0:37:35]} Qxb4
{[%clk 0:52:33]} 19. e5 {[%clk 0:35:09]} dxe5 {[%clk 0:39:10]} 20. fxe5
{[%clk 0:35:33]} Ng8 {[%clk 0:39:25]} 21. Bf4 {[%clk 0:19:57]} Rb8
{[%clk 0:37:24]} 22. Nd1 {[%clk 0:19:59]} Qa5 {[%clk 0:18:42]} 23. Kb1
{[%clk 0:19:30]} Bb4 {[%clk 0:17:14]} 24. c3 {[%clk 0:18:50]} Bc5
{[%clk 0:17:24]} 25. Be2 {[%clk 0:15:08]} Ne7 {[%clk 0:13:05]} 26. Bf3
{[%clk 0:13:52]} Bxd4 {[%clk 0:02:26]} 27. Rxd4 {[%clk 0:13:44]} Ng6
{[%clk 0:00:41]} 28. Rg3 {[%clk 0:09:12]} Nxf4 {[%clk 0:00:36]} 29. Rxf4
{[%clk 0:09:33]} Qxe5 {[%clk 0:00:45]} 30. Qxe5 {[%clk 0:09:11]} Nxe5
{[%clk 0:01:13]} 31. Rxg7 {[%clk 0:09:07]} Bb5 {[%clk 0:00:33]} 32. Bxh5
{[%clk 0:07:14]} Bd3+ {[%clk 0:00:39]} 33. Kc1 {[%clk 0:07:13]} Kf8
{[%clk 0:00:34]} 34. Rg5 {[%clk 0:07:17]} Bf5 {[%clk 0:00:47]} 35. Be2
{[%clk 0:06:05]} Ng6 {[%clk 0:00:41]} 36. Rfxf5 {[%clk 0:04:23]} exf5
{[%clk 0:00:54]} 37. g3 {[%clk 0:04:32]} Ne7 {[%clk 0:00:41]} 38. h5
{[%clk 0:03:04]} f6 {[%clk 0:00:58]} 39. Rg6 {[%clk 0:03:19]} Nxg6
{[%clk 0:01:24]} 40. hxg6 {[%clk 0:03:45]} Kg7 {[%clk 0:01:00]} 41. Bd3
{[%clk 0:03:38]} Kxg6 {[%clk 0:01:20]} 42. g4 {[%clk 0:47:47]} a5
{[%clk 0:51:35]} 43. Ne3 {[%clk 0:47:26]} Rh1+ {[%clk 0:51:35]} 0-1

[Event "Hastings Masters"]
[Site "Hastings, England"]
[Date "2014.12.30"
[Round "2.21"]
[White "Larsen, Andreas"]
[WhiteElo "2010"]
[Black "Olsarova, Tereza"]
[BlackElo "2302"]
[Result "0-1"]

1. d4 {[%clk 1:40:51]} d5 {[%clk 1:40:51]} 2. e4 {[%clk 1:41:14]} dxe4
{[%clk 1:37:08]} 3. Nc3 {[%clk 1:41:33]} Nf6 {[%clk 1:29:00]} 4. f3
{[%clk 1:41:54]} exf3 {[%clk 1:28:40]} 5. Qxf3 {[%clk 1:42:14]} c6
{[%clk 1:26:06]} 6. Bd3 {[%clk 1:33:39]} Qxd4 {[%clk 1:21:41]} 7. Nge2
{[%clk 1:27:48]} Qh4+ {[%clk 1:15:00]} 8. g3 {[%clk 1:19:58]} Qg4
{[%clk 1:14:26]} 9. Qf2 {[%clk 1:14:16]} e5 {[%clk 1:13:30]} 10. h3
{[%clk 1:08:54]} Qe6 {[%clk 1:11:21]} 11. Be3 {[%clk 1:05:31]} Bd6
{[%clk 1:06:48]} 12. O-O-O {[%clk 0:53:55]} O-O {[%clk 1:04:19]} 13. g4
{[%clk 0:49:10]} Na6 {[%clk 0:53:01]} 14. Ne4 {[%clk 0:38:43]} Nxe4
{[%clk 0:50:48]} 15. Bxe4 {[%clk 0:39:04]} Qe7 {[%clk 0:42:18]} 16. Rhf1
{[%clk 0:30:23]} Bc5 {[%clk 0:40:19]} 17. Ng3 {[%clk 0:27:40]} Bxe3+
{[%clk 0:40:27]} 18. Qxe3 {[%clk 0:28:00]} g6 {[%clk 0:38:23]} 19. Qh6
{[%clk 0:27:42]} f6 {[%clk 0:37:56]} 20. Bd3 {[%clk 0:15:33]} Nc5
{[%clk 0:37:04]} 21. Ne4 {[%clk 0:13:49]} Nxe4 {[%clk 0:36:16]} 22. Bxe4
{[%clk 0:14:13]} Be6 {[%clk 0:36:33]} 23. h4 {[%clk 0:14:04]} Qg7
{[%clk 0:33:32]} 24. Qe3 {[%clk 0:14:19]} Bxg4 {[%clk 0:33:44]} 25. Rd6
{[%clk 0:14:17]} Rad8 {[%clk 0:30:25]} 26. Qa3 {[%clk 0:14:13]} Rxd6
{[%clk 0:27:11]} 27. Qxd6 {[%clk 0:14:33]} Qd7 {[%clk 0:27:26]} 28. Qa3
{[%clk 0:13:34]} Rd8 {[%clk 0:26:57]} 29. Bd3 {[%clk 0:12:58]} e4
{[%clk 0:26:03]} 30. Bc4+ {[%clk 0:12:33]} Kg7 {[%clk 0:26:00]} 31. b4
{[%clk 0:12:57]} Qd4 {[%clk 0:24:51]} 32. b5 {[%clk 0:12:55]} Qa1# 0-1

[Event "Hastings Masters"]
[Site "Hastings, England"]
[Date "2014.12.30"
[Round "2.22"]
[White "Roggensack, Hans Peter"]
[WhiteElo "2010"]
[Black "Webb, Laurence E"]
[BlackElo "2272"]
[Result "0-1"]

1. e4 {[%clk 1:40:58]} c6 {[%clk 1:40:57]} 2. Nc3 {[%clk 1:41:13]} d5
{[%clk 1:41:12]} 3. Nf3 {[%clk 1:41:28]} Bg4 {[%clk 1:40:59]} 4. h3
{[%clk 1:41:33]} Bxf3 {[%clk 1:41:06]} 5. Qxf3 {[%clk 1:41:58]} e6
{[%clk 1:41:20]} 6. d4 {[%clk 1:38:52]} Nf6 {[%clk 1:36:19]} 7. Bg5
{[%clk 1:24:35]} Be7 {[%clk 1:32:00]} 8. O-O-O {[%clk 1:23:06]} h6
{[%clk 1:23:49]} 9. Bf4 {[%clk 1:17:11]} dxe4 {[%clk 1:13:40]} 10. Nxe4
{[%clk 1:17:06]} Qd5 {[%clk 1:12:31]} 11. Nxf6+ {[%clk 1:12:16]} Bxf6
{[%clk 1:12:39]} 12. Qb3 {[%clk 1:09:36]} Qxb3 {[%clk 1:07:31]} 13. axb3
{[%clk 1:10:04]} a5 {[%clk 1:02:42]} 14. g4 {[%clk 1:05:21]} Na6 {[%clk 0:56:19]}
15. c3 {[%clk 1:02:44]} Bg5 {[%clk 0:53:42]} 16. Bd2 {[%clk 0:53:50]} Bxd2+
{[%clk 0:53:06]} 17. Rxd2 {[%clk 0:54:17]} Nc7 {[%clk 0:53:18]} 18. f4
{[%clk 0:51:42]} Ke7 {[%clk 0:49:23]} 19. Bd3 {[%clk 0:49:12]} g5
{[%clk 0:45:32]} 20. Be4 {[%clk 0:45:05]} a4 {[%clk 0:41:12]} 21. Kc2
{[%clk 0:42:22]} a3 {[%clk 0:37:56]} 22. Rf2 {[%clk 0:36:03]} h5 {[%clk 0:31:32]}
23. bxa3 {[%clk 0:35:13]} gxf4 {[%clk 0:23:30]} 24. a4 {[%clk 0:31:31]} hxg4
{[%clk 0:20:13]} 25. hxg4 {[%clk 0:30:46]} Rxh1 {[%clk 0:18:38]} 26. Bxh1
{[%clk 0:31:14]} Rh8 {[%clk 0:19:00]} 27. Be4 {[%clk 0:27:25]} Rh4
{[%clk 0:18:03]} 28. Rxf4 {[%clk 0:19:48]} f5 {[%clk 0:17:42]} 29. Bg2
{[%clk 0:19:04]} Rh2 {[%clk 0:12:51]} 30. Rf2 {[%clk 0:19:01]} Nd5
{[%clk 0:13:04]} 31. Kd2 {[%clk 0:18:32]} fxg4 {[%clk 0:12:49]} 32. Ke1
{[%clk 0:17:09]} g3 {[%clk 0:11:19]} 33. Re2 {[%clk 0:16:05]} Nf4
{[%clk 0:10:34]} 0-1